000 00408nam a22001697a 4500
003 MPLRDC
005 20220104125259.0
008 210129b ||||| |||| 00| 0 eng d
082 _a857.9 LCY-88 v.3
100 _a柳残阳
245 _a龙图刀. 三
_c
260 _a
_b武功出版社
_c
300 _b
490 _a柳残阳小说专辑
650 _a武侠小说
942 _cBK
_o857.9 LCY-88 v.3
999 _c26110
_d26100